Code civil général de l'empire d'Autriche / (Record no. 183321)

MARC details
000 -LEADER
campo de control de longitud fija 00790nam a2200217 i 4500
001 - NÚMERO DE CONTROL
campo de control 183321
003 - IDENTIFICADOR DE NÚMERO DE CONTROL
campo de control ES-MaACL
005 - FECHA Y HORA DE LA ÚLTIMA TRANSACCIÓN
campo de control 20230906221850.0
008 - DATOS DE LONGITUD FIJA--INFORMACIÓN GENERAL
campo de control de longitud fija 140319s1836 fr |||| | fre d
110 1# - ENTRADA PRINCIPAL--NOMBRE DE ENTIDAD CORPORATIVA
Nombre de entidad corporativa o nombre de jurisdicción como elemento de entrada Austria.
9 (RLIN) 171515
240 #0 - TÍTULO UNIFORME
Título uniforme Código civil, 1812
245 00 - MENCIÓN DEL TÍTULO
Título Code civil général de l'empire d'Autriche /
Mención de responsabilidad, etc. traduit sur la dernière édition officielle par A. de Clercq.
260 ## - PUBLICACIÓN, DISTRIBUCIÓN, ETC.
Lugar de publicación, distribución, etc. Paris :
Nombre del editor, distribuidor, etc. Imp. Royale,
Fecha de publicación, distribución, etc. 1836.
300 ## - DESCRIPCIÓN FÍSICA
Extensión XV-376 p. ;
Dimensiones 22 cm.
490 1# - MENCIÓN DE SERIE
Mención de serie Collection des lois civiles et criminelles des états modernes ;
Designación de volumen o secuencia 3
650 #4 - PUNTO DE ACCESO ADICIONAL DE MATERIA--TÉRMINO DE MATERIA
Término de materia o nombre geográfico como elemento de entrada Derecho civil-
Subdivisión geográfica Austria.
9 (RLIN) 171517
700 1# - ENTRADA AGREGADA--NOMBRE PERSONAL
Nombre de persona Clercq, Alexandre de.
9 (RLIN) 39221
830 1# - PUNTO DE ACCESO ADICIONAL DE SERIE-TÍTULO UNIFORME
Título uniforme Collection des lois civiles et criminelles des états modernes ;
Designación de volumen o secuencia 3
9 (RLIN) 191907
852 ## - LOCALIZACIÓN
Ubicación ES-MaACL
Número de control de estantería G-3635
Holdings
Estatus retirado Estado de pérdida Estado de daño No para préstamo Colección Biblioteca de origen Biblioteca actual Ubicación en estantería Fecha de adquisición Fuente de adquisición Total de préstamos Signatura topográfica completa Código de barras Visto por última vez Precio de reemplazo Tipo de ítem Koha
        Libros del s. XIX Biblioteca del Ateneo de Madrid Biblioteca del Ateneo de Madrid Depósito 2 19/03/2014     G-3635 1192687 23/02/2023 23/02/2023 Libro impreso antiguo